Statistics for The First Ever EFL Championship Standings

Click here to take the quiz!

General Stats

  • This quiz has been taken 44 times
  • The average score is 19 of 24

Answer Stats

Club% Correct
Wolverhampton Wanderers
97%
Leicester City
95%
Burnley
92%
Derby County
90%
Nottingham Forest
90%
Sunderland
90%
Brighton & Hove Albion
87%
Coventry City
87%
Ipswich Town
87%
Reading
87%
Sheffield United
87%
Watford
87%
Cardiff City
85%
Leeds United
85%
QPR
85%
West Ham United
82%
Wigan Athletic
79%
Stoke City
77%
Plymouth Argyle
67%
Preston North End
67%
Millwall
64%
Gillingham
56%
Crewe Alexandra
49%
Rotterham United
5%

Score Distribution

Percentile by Number Answered

Percent of People with Each Score

Your Score History

You have not taken this quiz